000 00279nam a2200109Ia 4500
008 230907s9999||||xx |||||||||||||| ||und||
082 _a361.301
_bPAY
245 0 _aModern social work theory /
260 _aPalgrave MacMillan,
_bHsmphirr :
_c2005
300 _a366 p.
942 _cBK
999 _c600190
_d600190